Word Ladder: Gaming Terms Quiz Stats

Quiz Updated Sep 29, 2017

Challenge
Share
Tweet
Embed
Score 0/32 Timer 03:00
2 Plays Today
Hint 4-Letter Word % Correct
'Truth or ___?'DARE
98.1%
Monthly apartment feeRENT
94.2%
• Monopoly money manager ••BANK•
93.1%
• Toughest game difficulty ••HARD•
92.4%
Musical groupBAND
92.2%
• Poker holding ••HAND•
91.6%
Military levelRANK
91.4%
Feel concernCARE
90.5%
Yogi or Boo-Boo, for exampleBEAR
90%
TiradeRANT
89.9%
• Community Chest draw ••CARD•
89.1%
• Distribute cards ••DEAL•
88.5%
Lake vesselBOAT
88.2%
Achilles' weak pointHEEL
87.9%
Bring back to healthHEAL
87.6%
• Defeat in a game ••BEAT•
86.6%
Hint 4-Letter Word % Correct
Lightning shapeBOLT
86.6%
CherishedDEAR
85.2%
Bible is called the '___ book'GOOD
82.9%
DaringBOLD
82.8%
Extremely urgentDIRE
81.9%
• Common video game currency ••GOLD•
80.2%
Pasta or pastry, e.g.FOOD
78.3%
Tear apartREND
77.8%
RepairMEND
77.8%
• Poker laydown ••FOLD•
76.7%
• Rodents trapped in frustrating game ••MICE•
76.6%
Follow directionHEED
75.8%
US fungiMOLD
75.2%
• Monopoly property title ••DEED•
73.8%
• Gaming 'bones' ••DICE•
73.4%
• Set of cards in rummy ••MELD•
68.7%

Today's Daily Dose

Missing Word
Anagrams

On This Day
April 23rd II

You're not logged in!

Compare scores with friends on all Sporcle quizzes.
Sign Up with Email
OR
Log In

You Might Also Like...

Show Comments

Extras

Top Quizzes Today


Score Distribution

Your Account Isn't Verified!

In order to create a playlist on Sporcle, you need to verify the email address you used during registration. Go to your Sporcle Settings to finish the process.

Report this User

Report this user for behavior that violates our Community Guidelines.

Details: